书目信息 |
| 题名: |
中国高端访问(拾)
|
|
| 作者: | 徐玮 , 吴志菲 著 | |
| 分册: | ||
| 出版信息: | 北京 世界知识出版社 2007.09 |
|
| 页数: | 422页 | |
| 开本: | 24cm | |
| 丛书名: | ||
| 单 册: | ||
| 中图分类: | K820.76 | |
| 科图分类: | ||
| 主题词: | 人物--传记--中国 | |
| 电子资源: | ||
| ISBN: | 978-7-5012-3202-4 | |
| 000 | 00808nam0 2200253 45 | |
| 001 | 0933967893 | |
| 005 | 20091112112808.34 | |
| 010 | @a978-7-5012-3202-4@dCNY39.80 | |
| 100 | @a20090515d2007 ekmy0 y0120 ea | |
| 102 | @aCN@b130000 | |
| 102 | @aCN@b110000 | |
| 105 | @ay z 000yy | |
| 200 | 1 | @a中国高端访问(拾)@Azhong guo gao duan fang wen(shi)@e亲历神秘外交背后的16人@f徐玮,吴志菲著@Fxu wei,wu zhi fei zhu |
| 210 | @a北京@c世界知识出版社@d2007.09 | |
| 210 | @a北京@c世界知识出版社 | |
| 215 | @a422页@d24cm | |
| 517 | 1 | @a亲历神秘外交背后的16人@Aqin li shen mi wai jiao bei hou de 16 ren |
| 606 | 0 | @a人物@x传记@x中国 |
| 690 | @aK820.76@v4 | |
| 701 | 0 | @a徐玮@Axu wei@4著 |
| 701 | 0 | @a吴志菲@Awu zhi fei@4著 |
| 801 | 0 | @aCN@c20091112 |
| 905 | @a10447@dK820.76@eY772:10 | |
| 906 | @d40@n3@r1 | |
| 中国高端访问(拾):亲历神秘外交背后的16人/徐玮,吴志菲著.-北京:世界知识出版社,2007.09.-北京:世界知识出版社 |
| 422页;24cm |
| ISBN 978-7-5012-3202-4:CNY39.80 |
| ● |
| 相关链接 |
|
|
|
正题名:中国高端访问(拾)
索取号:K820.76/Y772:10
 
预约/预借
| 序号 | 登录号 | 条形码 | 馆藏地/架位号 | 状态 | 备注 |
| 1 | 890676 | 208906763 | 社科库309/309社科库 45排4列1层/ [索取号:K820.76/Y772:10] | 在馆 | |
| 2 | 890677 | 208906772 | 自科二线404/309社科库 47排5列5层/ [索取号:K820.76/Y772:10] | 在馆 | |
| 3 | 890678 | 208906781 | 自科二线404/309社科库 47排5列5层/ [索取号:K820.76/Y772:10] | 在馆 |